| 000 | 00692nam a2200217Ia 4500 | ||
|---|---|---|---|
| 003 | GCL | ||
| 008 | 140319s9999 xx 000 0 ara d | ||
| 040 |
_aGCL / _cGCL |
||
| 082 | 0 | 4 |
_a791.437 _bا س |
| 100 | 1 | _aاحمد الحضرى | |
| 245 | 1 | 0 |
_aالسينما العالمية الى اين / _cاحمد الحضرى |
| 700 | 1 | _aفوزى سليمان | |
| 300 | _a74 ص | ||
| 490 |
_aالهيئة العامة للاستعلامات _v0 |
||
| 650 | 0 | 4 | _aالافلام السينمائية |
| 650 | 0 | 4 | _aالسينما |
| 650 | 0 | 4 | _aالمهرجانات الدولية |
| 650 | 0 | 4 | _aالسينما العالمية |
| 650 | 0 | 4 | _aافلام المهرجانات |
| 942 |
_2ddc _cBK |
||
| 999 |
_c50656 _d50656 |
||